| 000 | 00663nam a2200229 a 4500 | ||
|---|---|---|---|
| 005 | 20240924070637.0 | ||
| 008 | 991125s1997 es 000 0 spa u | ||
| 020 | _a8433905368 | ||
| 035 | _aUPN01000024670 | ||
| 049 | _aCG | ||
| 050 | 4 |
_aD16.8 _bA6.48 1997 |
|
| 100 | 1 |
_aAnderson, Perry, _d1938- _928726 |
|
| 245 | 1 | 4 |
_aLos fines de la historia / _cPerry Anderson ; tr. Erna von der Walde. |
| 250 | _a2a ed. | ||
| 260 |
_aBarcelona, Esp. : _bAnagrama, _c1997. |
||
| 300 | _a173 p. | ||
| 440 | 0 |
_aArgumentos ; _v186 |
|
| 534 |
_pTraducción de: _tThe ends of history |
||
| 650 | 4 |
_aCivilización _99 |
|
| 650 | 4 |
_aHistoria _xFilosofía _96938 |
|
| 905 | _aLibro | ||
| 999 |
_c24670 _d24670 |
||